| 000 | 00470nam a2200181Ia 4500 | ||
|---|---|---|---|
| 003 | OSt | ||
| 005 | 20240712161040.0 | ||
| 008 | 210210b xxu||||| |||| 00| 0 eng d | ||
| 040 | _cAL | ||
| 041 | _akan | ||
| 082 | _a859/400 | ||
| 100 |
_aKRASHNAMURTI (S) _9149036 _dಕೃಷ್ಣಮೂರ್ತಿ (ಎಸ್) |
||
| 245 |
_aBasavi: _bಬಸವಿ |
||
| 260 |
_aMaisuru _bMayura Prakashana |
||
| 690 |
_aKannada Fiction _9149037 |
||
| 906 | _a021270 | ||
| 942 |
_2ddc _cBK |
||
| 999 |
_c145334 _d145334 |
||